Body theology / (Record no. 6340)
[ view plain ]
| 000 -LEADER | |
|---|---|
| fixed length control field | 00576pam a2200193 a 4500 |
| 001 - CONTROL NUMBER | |
| control field | 2502728 |
| 005 - DATE AND TIME OF LATEST TRANSACTION | |
| control field | 20250609113929.0 |
| 008 - FIXED-LENGTH DATA ELEMENTS--GENERAL INFORMATION | |
| fixed length control field | 920123s1992 kyu b 001 0 eng |
| 020 ## - INTERNATIONAL STANDARD BOOK NUMBER | |
| International Standard Book Number | 0664253792 (alk. paper) |
| 050 00 - LIBRARY OF CONGRESS CALL NUMBER | |
| Classification number | BT743 |
| Item number | .N35 1992 |
| 100 1# - MAIN ENTRY--PERSONAL NAME | |
| Personal name | Nelson, James B. |
| 245 10 - TITLE STATEMENT | |
| Title | Body theology / |
| Statement of responsibility, etc. | James B. Nelson. |
| 250 ## - EDITION STATEMENT | |
| Edition statement | 1st ed. |
| 260 ## - PUBLICATION, DISTRIBUTION, ETC. | |
| Place of publication, distribution, etc. | Louisville, Ky. : |
| Name of publisher, distributor, etc. | Westminster/John Knox, |
| Date of publication, distribution, etc. | c1992. |
| 300 ## - PHYSICAL DESCRIPTION | |
| Extent | 216 p. ; |
| Dimensions | 23 cm. |
| 650 #0 - SUBJECT ADDED ENTRY--TOPICAL TERM | |
| Topical term or geographic name entry element | Human body |
| General subdivision | Religious aspects |
| -- | Christianity. |
| 650 #0 - SUBJECT ADDED ENTRY--TOPICAL TERM | |
| Topical term or geographic name entry element | Sex |
| General subdivision | Religious aspects |
| -- | Christianity. |
| 942 ## - ADDED ENTRY ELEMENTS (KOHA) | |
| Source of classification or shelving scheme | Library of Congress Classification |
| Koha item type | Books |
| Suppress in OPAC | No |
| 999 ## - | |
| -- | 6340 |
| -- | 6340 |
| Withdrawn status | Lost status | Source of classification or shelving scheme | Damaged status | Not for loan | Collection | Home library | Current library | Shelving location | Date acquired | Total checkouts | Full call number | Barcode | Date last seen | Copy number | Price effective from | Koha item type |
|---|---|---|---|---|---|---|---|---|---|---|---|---|---|---|---|---|
| Library of Congress Classification | Non-fiction | Undergraduate Library (Christ Temple) | Undergraduate Library (Christ Temple) | General stacks | 06/09/2025 | BT 743 NEL | ulct00003091 | 06/09/2025 | 1 | 06/09/2025 | Books |